| 000 | 00394 a2200157 4500 | ||
|---|---|---|---|
| 020 | _a9780071254090 | ||
| 082 | _a657.22 | ||
| 090 |
_c2376 _d2376 |
||
| 100 | _aRobert N. Anthony | ||
| 245 |
_aAccounting: Texts and Cases _cRobert N. Anthony |
||
| 250 | _a12th edition | ||
| 260 |
_aSingapore _bMcGraw- Hill _c2007 |
||
| 300 | _a933p | ||
| 500 | _aPaper cover | ||
| 942 |
_aNBS _cBK _k657.22 ANT |
||
| 999 |
_c344874 _d344874 |
||